000 00667nam a2200217Ia 4500
001 8018
003 GE_BSU
008 181216s||||||||xx |||||||||||||| ||und||
040 _cGE_BSU
080 _a621.371(075)
100 _aКрасюк,Н.П. Дымович,Н.Д.
245 _aЭлектродинамика и распространение радиоволн.
245 _bУчеб. пособие.
260 _aМ.
260 _bВысшая школа.
260 _c1974.
300 _a536стр.илл.22см.
300 _eтабл.
653 _aЭлектродинамика и распространение радиоволн.
942 _cBK
999 _c41360
_d41360